Encyclopedic dictionary of applied linguistics : (رقم التسجيلة. 39719)

تفاصيل مارك
000 -الفاتح
حقل البيانات ثابتة الطول 00983cam a2200241 a 4500
003 - محدد رقم الضبط
رقم الضبط OSt
005 - وقت وتاريخ اخر تعامل مع التسجيلة
رقم الضبط 20160827154934.0
008 - عناصر البيانات ثابتة الطول - معلومات عامة
حقل البيانات ثابتة الطول 970618s1998 enk bd 001 0 eng
020 ## - الرقم الدولى المعيارى للكتب
الرقم الدولى المعيارى للكتاب 9780631214823
040 ## - مصدر الفهرسة
وكالة الفهرسة الأصلية DLC
وكالة النسخ DLC
وكالة التعديل DLC
لغة الفهرسة ara
082 00 - رقم تصنيف ديوى العشرى
رقم التصنيف 418.003
رقم الطبعة 21
رقم المادة END
245 00 - بيان العنوان
العنوان Encyclopedic dictionary of applied linguistics :
بقية العنوان a handbook for language teaching /
بيان المسئوليه,etc edited by Keith Johnson and Helen Johnson.
250 ## - بيان الطبعة
بيان الطبعة ط. 1.
260 ## - PUBLICATION, DISTRIBUTION, ETC. (IMPRINT)
مكان الناشر او الموزع Oxford, UK ;
-- Cambridge, Mass. :
اسم الناشر او الموزع Blackwell Publishers,
تاريخ النشر أو التوزيع 1998 (1999 printing).
300 ## - الوصف المادى
التعداد viii, 389 p. ;
أبعاد الوعاء 25 cm.
504 ## - تبصرة ببليوجرافية
تبصرة ببليوجرافية,الخ Includes bibliographical references and index.
650 #0 - المدخل الاضافى بالموضوع-مصطلح موضوعى
مصطلح موضوعي أو اسم جغرافي كعنصر مدخل Applied linguistics
التقسيم الفرعي الشكلي Dictionaries.
9 (RLIN) 48227
700 1# - المدخل الاضافى - اسم شخصى
الإسم الشخصى Johnson, Keith,
التواريخ المصاحبة للاسم 1944-
9 (RLIN) 44829
700 1# - المدخل الاضافى - اسم شخصى
الإسم الشخصى Johnson, Helen.
9 (RLIN) 56360
942 ## - عناصر المدخل الإضافي( كوها)
Koha [default] item type كتاب
المقتنيات
حالة الفقد نموذج السعر الفعال حالة تلف ليس للاعارة رقم الطلب تاريخ الاكتساب الموقع الحالي الباركود الفرع الرئيسي Date last checked out Date last seen نوع المادة فى نظام كوها مصدر التصنيف او خطة الترفيف Total Checkouts Total Renewals
  2016-08-27     418.003 END 2016-08-27 المكتبة المركزية بالمجمعة (CL) 00654769 المكتبة المركزية بالمجمعة (CL) 2018-03-08 2018-09-03 كتاب Dewey Decimal Classification 1  
  2016-08-27     418.003 END 2016-08-27 المكتبة المركزية بالمجمعة (CL) 00654770 المكتبة المركزية بالمجمعة (CL)   2016-08-27 كتاب Dewey Decimal Classification    
  2016-08-27     418.003 END 2016-08-27 المكتبة المركزية بالمجمعة (CL) 00654771 المكتبة المركزية بالمجمعة (CL)   2016-08-27 كتاب Dewey Decimal Classification    
  2016-08-27     418.003 END 2016-08-27 قسم الاجراءات الفنية (IC) 00654910 قسم الاجراءات الفنية (IC)   2016-08-27 كتاب Dewey Decimal Classification    
  2016-08-27     418.003 END 2016-08-27 قسم الاجراءات الفنية (IC) 00654911 قسم الاجراءات الفنية (IC)   2016-08-27 كتاب Dewey Decimal Classification    
  2016-08-27     418.003 END 2016-08-27 كلية الشريعة والقانون - طالبات 00654858 كلية الشريعة والقانون - طالبات 2019-01-09 2022-09-28 كتاب Dewey Decimal Classification 1 1
  2016-08-27     418.003 END 2016-08-27 كلية الشريعة والقانون - طالبات 00654859 كلية الشريعة والقانون - طالبات   2016-08-27 كتاب Dewey Decimal Classification    
  2016-08-27     418.003 END 2016-08-27 مكتبة كلية التمريض - طلاب (CNM) 00654912 مكتبة كلية التمريض - طلاب (CNM)   2016-08-27 كتاب Dewey Decimal Classification    
  2016-08-27     418.003 END 2016-08-27 مكتبة كلية التمريض - طلاب (CNM) 00654913 مكتبة كلية التمريض - طلاب (CNM)   2016-08-27 كتاب Dewey Decimal Classification    
  2016-08-27     418.003 END 2016-08-27 مكتبة مجمع الكليات بالزلفى - طلاب (SZM) 00654772 مكتبة مجمع الكليات بالزلفى - طلاب (SZM)   2016-08-27 كتاب Dewey Decimal Classification    
  2016-08-27     418.003 END 2016-08-27 مكتبة مجمع الكليات بالزلفى - طلاب (SZM) 00654773 مكتبة مجمع الكليات بالزلفى - طلاب (SZM)   2016-08-27 كتاب Dewey Decimal Classification    
  2016-08-27     418.003 END 2016-08-27 مكتبة مجمع الكليات بالزلفى - طلاب (SZM) 00654774 مكتبة مجمع الكليات بالزلفى - طلاب (SZM)   2016-08-27 كتاب Dewey Decimal Classification